00531 2200193 4500001002100000005001500021035002000036007000300056008004100059082001000100084001600110100001800126245004300144260002200187300004200209520005400251600001600305990001600321INLIS00000000000065520211108112605 a0010-1121000006ta211108 0 ind  a398.2 a398.2 PUP n0 aPuput Mugiati1 anasehat burung kenari /cPuput Mugiati aSurabaya :bAulia a32 Halaman :bIlustrasi ;c20 x 14 cm aDongeng tak bisa dipisahkan dengan anak-anak kita 4aCerita Anak a00000001811